| 000 | 00636nam a2200241Ia 4500 | ||
|---|---|---|---|
| 003 | OSt | ||
| 005 | 20221005120942.0 | ||
| 006 | a|||||r|||| 00| 0 | ||
| 007 | ta | ||
| 008 | 221004b |||||||| |||| 00| 0 eng d | ||
| 024 | _a70621 | ||
| 037 | _cTextual | ||
| 040 |
_aCRL _cCRL _beng |
||
| 041 |
_2eng _aeng |
||
| 082 | _aY1:351:9, K2 | ||
| 100 |
_aBoswell George W. _9344678 |
||
| 245 | 0 | _aFundamentals of folk literature | |
| 260 | _c1962 | ||
| 650 | _aSOCIOLOGY | ||
| 700 |
_a Reaver J. Russell _9344679 |
||
| 942 |
_hY1:351:9, K2 _cTEXL _2cc |
||
| 999 |
_c1039651 _d1039651 |
||